Największe miasta w Serbii - Statystyki

Ogólne statystyki
  • Ten quiz został rozwiązany 35 razy
  • Średni wynik to 4 z 15
Statystyki odpowiedzi
Populacja Miasto % Poprawnych
1,298,661 Belgrad
100%
325,551 Nowy Sad
94%
178,976 Nisz
56%
94,228 Subotica
34%
146,315 Kragujevac
31%
69,598 Čačak
28%
58,338 Leskovac
22%
71,462 Novi Pazar
22%
67,129 Zrenjanin
19%
57,432 Kraljevo
9%
68,119 Kruševac
3%
73,401 Pančevo
3%
59,261 Smederevo
3%
55,214 Vranje
3%
56,145 Valjevo
0%
Nie znaleziono quizów pasujących do podanych kryteriów
Rozkład punktacji
Procent ludzi z każdym wynikiem
Percentyl według liczby udzielonych odpowiedzi
Twoja historia wyników
Nie rozwiązałeś tego quizu